000
00284nam a22001337a 4500
008
170324b xxu||||| |||| 00| 0 eng d
020
_a
9780072844337
041
_a
eng
080
_2
6TH
_a
615.83
100
_a
8
101
_a
SHM
245
_a
FIT&WELL
_c
FAHEY, TH.D
942
_2
udc
_c
BK
999
_c
8568
_d
8568